Tip-tip cemerlang daripada Quran

Bibliographic Details
Main Author: Danial Zainal Abidin
Format: Book
Published: Selangor : PTS Millennia Sdn Bhd , 2005
Subjects:

MARC

LEADER 00000cam a2200000 7i4500
001 0000012100
005 20071129.0
020 |a 9833372201 
090 0 0 |a 158   |b DAN 
100 0 |a Danial Zainal Abidin 
245 1 0 |a Tip-tip cemerlang daripada Quran   |c Danial Zainal Abidin 
260 |a Selangor :   |b PTS Millennia Sdn Bhd ,   |c 2005 
650 0 |a Muslims   |x Conduct of life 
650 0 |a Self-realization 
650 0 |a Success   |x Religious aspects   |x Islam 
999 |a 0000923508   |b Book   |c Adult Collection   |e Cawangan Bukit Gambir 
999 |a 0001004297   |b Book   |c Adult Collection   |e Perbadanan Perpustakaan Awam Johor 
999 |a 0001004298   |b Book   |c Adult Collection   |e Cawangan Kota Tinggi 
999 |a 0001004299   |b Book   |c Adult Collection   |e Cawangan Kota Tinggi 
999 |a 0001004300   |b Book   |c Adult Collection   |e Perbadanan Perpustakaan Awam Johor